| 000 | 00531nam a22002057a 4500 | ||
|---|---|---|---|
| 003 | LK-CoMWRAF | ||
| 005 | 20231102142707.0 | ||
| 008 | 231010b1980 |||||||| |||| 00| 0 eng d | ||
| 020 | _a9231018132 | ||
| 040 |
_aLK-CoMWRAF _dLK-CoMWRAF _eLK-CoMWRAF |
||
| 041 | _aeng | ||
| 082 |
_a327.1 _bUNE |
||
| 110 | _aUnesco | ||
| 245 |
_aPeace on earth: _b a peace anthology |
||
| 260 |
_aParis: _bUnesco, _c1980. |
||
| 300 |
_a227 p. ; 24 cm. _bIndex included |
||
| 650 | _aPEACE | ||
| 650 | _aPeace -Quotations, maxims, | ||
| 942 | _cBK | ||
| 999 |
_c3830 _d3830 |
||